000
00331nam a2200133Ia 4500
008
190723s9999 xx 000 0 und d
020
_a
978-93-325-8522-5
100
_a
William Stallings
245
0
_a
Cryptography and Network Security
250
_a
7nth
260
_a
Uttar Pradesh
_b
Pearson
_c
2017
300
_a
766:p
942
_c
BK
999
_c
1985
_d
1985